banner koha

Resultados do ensaio estadual de cultivares de trigo em cinco locais do Rio Grande do Sul em 1983 [melhoramento genetico vegetal, Triticum aestivum, Cruz Alta, Augusto Pestana, Santa Rosa, Sao Luiz Gonzaga, Encruzilhada do Sul, Brasil] (Registro n. 317046)

MARC details
000 -LÍDER
campo de controle de tamanho fixo 01741naa a22003497a 4500
001 - NÚMERO DE CONTROLE
campo de controle BR8500777
003 - IDENTIFICADOR DO NÚMERO DE CONTROLE
campo de controle BR-BrBNA
005 - DATA E HORÁRIO DA ÚLTIMA TRANSAÇÃO
campo de controle 20240918175514.0
007 - CAMPO FIXO DE DESCRIÇÃO FÍSICA--INFORMAÇÃO GERAL
campo de controle de tamanho fixo ta
008 - CAMPO DE DADOS FIXOS--INFORMAÇÃO GERAL
campo de controle de tamanho fixo 230509b bl.||||| |||| 00| 0 por d
040 ## - FONTE DA CATALOGAÇÃO
Instituição da catalogação original BR-BrBNA
Idioma da catalogação por
Instituição que transcreveu o registro Biblioteca Nacional de Agricultura
041 ## - CÓDIGO DE IDIOMA
Código do idioma do texto/trilha sonora ou título diferente (Pt)
072 ## - CÓDIGO DE CATEGORIA DE ASSUNTO
Código de Categoria de Assunto F30
Código do objeto 0180
-- G514
090 ## - NÚMERO DE CHAMADA LOCAL
Número de chamada F30 BR8500777
100 1# - ENTRADA PRINCIPAL--NOME PESSOAL
Nome pessoal Mor, M.J.
100 1# - ENTRADA PRINCIPAL--NOME PESSOAL
Nome pessoal Svoboda, L.H.
100 1# - ENTRADA PRINCIPAL--NOME PESSOAL
Nome pessoal Matzenbacher, R.G.
100 1# - ENTRADA PRINCIPAL--NOME PESSOAL
Nome pessoal Viau, V.
100 1# - ENTRADA PRINCIPAL--NOME PESSOAL
Nome pessoal Maggioni, E.
100 1# - ENTRADA PRINCIPAL--NOME PESSOAL
Nome pessoal Pillon, J.L.
111 1# - ENTRADA PRINCIPAL--NOME DO EVENTO
Nome do evento ou lugar 13. Reuniao Nacional de Pesquisa de Trigo
Local do evento Cruz Alta, RS (Brazil)
Data do evento ou assinatura do tratado 16-28 Jul 1984
245 1# - TÍTULO
Título Resultados do ensaio estadual de cultivares de trigo em cinco locais do Rio Grande do Sul em 1983 [melhoramento genetico vegetal, Triticum aestivum, Cruz Alta, Augusto Pestana, Santa Rosa, Sao Luiz Gonzaga, Encruzilhada do Sul, Brasil]
246 1# - FORMA VARIANTE DO TÍTULO
Título/título abreviado Results of the state trial of Wheat cultivars in five places of Rio Grande do Sul, in 1983 [plant breeding, Triticum aestivum, Cruz Alta, Augusto Pestana, Santa Rosa, Sao Luiz Gonzaga, Encruzilhada do Sul, Brazil]
246 1# - FORMA VARIANTE DO TÍTULO
Título/título abreviado [Contribution of the Centro de Experimentacao e Pesquisa to the 13. National Meeting of Wheat Research]
260 3# - PUBLICAÇÃO, DISTRIBUIÇÃO, ETC.
Local de publicação, distribuição, etc. Cruz Alta, RS (Brasil):
Data da publicação, distribuição, etc. 1984.
500 ## - NOTA GERAL
Nota geral Contribuicao do Centro de Experimentacao e Pesquisa a 13. Reuniao Nacional de Pesquisa de Trigo<br/>Cruz Alta, RS (Brasil): 1984. p. 42-50<br/>(BR8500777-AM)F30<br/>
650 ## - ASSUNTO--TERMO TÓPICO
Cabeçalho tópico ou nome geográfico MELHORAMENTO GENETICO VEGETAL
650 ## - ASSUNTO--TERMO TÓPICO
Cabeçalho tópico ou nome geográfico TRIGO
773 0# - ENTRADA ANALÍTICA
Título Contribuicao do Centro de Experimentacao e Pesquisa a 13. Reuniao Nacional de Pesquisa de Trigo
Número de controle do registro F30 BR8500777
Partes relacionadas Cruz Alta, RS (Brasil), 1984. p. 42-50
909 ## -
-- 202404
-- Lucia
-- 55
-- Lucia Elande
942 ## - ELEMENTOS DE ENTRADA ADICIONADOS (KOHA)
Tipo de material Koha Capítulo-Livro
Fonte da classificação ou esquema de arquivamento na estante Classificação AGRIS
Exemplares
Situação do descarte Fonte da classificação ou esquema de arquivamento na estante Situação física Não pode ser emprestado Coleção Biblioteca de origem Biblioteca atual Localização na estante Total de empréstimos Número de telefone completo Data de último acesso Número do exemplar Tipo de material Koha Situação das perdas Data de aquisição Fonte de aquisição
  Classificação AGRIS       Biblioteca Nacional de Agricultura - Binagri Biblioteca Nacional de Agricultura - Binagri Agrobase - Acervo Geral   0180 BR9406679 20/05/2024 01 Capítulo-Livro   2024-04-11 Portaria Interministerial nº 164/94

BINAGRI

Telefone: (61)3218-2567/2388/3357/2097 - binagri@agro.gov.br

Ministério da Agricultura e Pecuária , Esplanada dos Ministérios, Bloco D, Anexo B, Brasília/DF, CEP: 70.043-900